| 000 | 00511nam a2200193Ia 4500 | ||
|---|---|---|---|
| 003 | GCL | ||
| 008 | 140319s9999 xx 000 0 eng d | ||
| 040 |
_aGCL / _cGCL |
||
| 082 | 0 | 4 |
_a532 _bD S |
| 100 | 1 | _aDOUGLAS, J. F. | |
| 245 | 1 | 0 |
_aSOLVING PROPLEMS IN FLUID MECHANICS. VOL.1,2 / _cDOUGLAS, J. F. |
| 260 |
_a[S.N] : _bELBS LONGMAN ، _c1993 |
||
| 300 | _a2 VOL | ||
| 650 | 0 | 4 | _aMECHANICS ENGINEERING |
| 650 | 0 | 4 | _aFLUID MECHANICS |
| 650 | 0 | 4 | _aLIQUIDS |
| 650 | 0 | 4 | _aFLUID MEASUREMENT |
| 942 |
_2ddc _cBK |
||
| 999 |
_c20496 _d20496 |
||